Sports Teams Named After Animals - Statistics

General Stats
  • This quiz has been taken 157 times
    138 since last reset
  • The average score is 25 of 36
Answer Stats
Sport Team % Correct
NFL Lions
90%
MLB Tigers
89%
NFL Bears
85%
NFL Eagles
84%
MLB Cardinals
83%
NFL Cardinals
83%
NFL Jaguars
79%
NFL Seahawks
79%
NFL Dolphins
78%
NFL Panthers
78%
NHL Panthers
78%
NFL Falcons
77%
NBA Hawks
76%
NBA Bulls
74%
NHL Penguins
73%
MLB Blue Jays
72%
NHL Ducks
72%
NFL Ravens
72%
NFL Broncos
70%
MLB Cubs
70%
NBA Timberwolves
69%
NFL Bengals
68%
NBA Pelicans
65%
NBA Grizzlies
63%
MLB Orioles
63%
NHL Sharks
63%
NFL Bills
62%
NBA Raptors
61%
NFL Colts
60%
NBA Bucks
59%
NFL Rams
59%
NBA Hornets
58%
MLB Marlins
58%
NHL Coyotes
53%
NHL Bruins
52%
MLB Diamondbacks
51%
No matching quizzes found
Score Distribution
Percent of People with Each Score
Percentile by Number Answered
Your Score History
You have not taken this quiz since the last reset